MARC보기
LDR00000nam c2200205 k 4500
001000000341239
00520260409154755
007ta
008260407s2024 ulka r 000a kor
020 ▼a 9791172100704 ▼g 03730 : ▼c \15800
040 ▼a 248032 ▼c 248032 ▼d 248032
0411 ▼a kor ▼a jpn
0490 ▼l EM111841 ▼v 4
056 ▼a 730 ▼2 4
090 ▼a 730 ▼b 문54ㅇ2
24520 ▼a 일본어 뱅크 다이스키 : ▼b 단계별 맞춤 강의용 교재 : ▼b 일본어 글자부터 말하기·읽기·듣기·쓰기까지! = ▼x わたしたちは日本語が ダイスキです. ▼n Step 4 / ▼d 문선희, ▼e 나카야마 다츠나리, ▼e 성해준, ▼e 정희순 공저
250 ▼a 초판, [개정판]
260 ▼a 서울 : ▼b 동양북스, ▼c 2024
300 ▼a 181 p. : ▼b 천연색삽화 ; ▼c 26 cm
500 ▼a 나카야마 다츠나리의 한국명은 '김진성'임
525 ▼a 권말부록 : "테스트 정답" ; 듣기 연습 스크립트와 정답 ; 도쿄 지하철 노선표
653 ▼a 일본어 말하기 ▼a 일본어 듣기 ▼a 일본어 쓰기
7001 ▼a 문선희, ▼e 저
7001 ▼a 나카야마 다츠나리, ▼e 공저
7001 ▼a 성해준, ▼e 공저
7001 ▼a 정희순, ▼e 공저
90010 ▼a 김진성
9500 ▼b \15800
990 ▼a 관리자2 ▼b 관리자2